00610 2200217 4500001002100000005001500021035002000036007000300056008004100059020001800100082001000118084001600128100001900144245003500163260004200198500010300240650001600343856001700359990000800376990000800384INLIS00000000000017420220317082048 a0010-0222000052ta220317 g 0 ind  a9786028147057 a297.5 a297.5 ACH a0 aAchmad Mubarok1 aAkhlak Mulia Meraih Kesuksesan aJakarta :bWahana Aksara Prima,c2009 abuku ini berkaitan dengan nilai-nilai akhlak mulia yang akan menjadi penyebab diraihnya kesuksesan 4aEtika Islam aKoleksi Umum a576 a575